005170000a2200157000450024500710000065000090007165000320008065000210011265000140013365100310014765300400017804100140021870000330023210000240026577300700028910aPrimer registro del pingüino de magallanes en costas colombianas14aAves14aDistribución geográfica14aNuevos registros14aPinguinos 4lCosta pacíficapColombia gSpheniscuseSpheniscus magallanicus0 aEspañol1 aNaranjo Henao, Luis Germán1 aFranke Ante, Rebeca1 tTrianea: Acta Científica y Tecnológica3159h5q401-406d1994